| 000 | 00485nam a2200169Ia 4500 | ||
|---|---|---|---|
| 005 | 20250508154559.0 | ||
| 008 | 008 250505s9999 xx 000 0 eng d | ||
| 037 | _aTextual | ||
| 040 |
_aFEDL _beng _cFEDL |
||
| 041 |
_aeng _2eng |
||
| 084 |
_a658.3, BOA _qFEDL |
||
| 100 |
_aBoaz G D Ed. _9765676 |
||
| 245 | 0 | _aPapers on industrial psychology: A symposium | |
| 260 |
_aDelhi, India _bUniversity Publishers |
||
| 942 |
_cTEXL _h658.3, BOA |
||
| 999 |
_c1351000 _d1351000 |
||